Score 0/30 Timer 04:00
6 Plays Today
Book Title First Word % Correct
_____ Little LiarsPretty
84.5%
_____ FireCatching
82.2%
_____ All the Boys I've Loved BeforeTo
81.2%
_____ Player OneReady
77.4%
_____ Reasons WhyThirteen
74.2%
_____ Peregrine's Home for Peculiar ChildrenMiss
73.8%
_____ MoonNew
73.7%
_____ Kind of a Funny StoryIt's
65.9%
_____ Ask AliceGo
65.6%
_____ the Bright PlacesAll
64.9%
_____ and Norah's Infinite PlaylistNick
62.3%
_____ I StayIf
60.4%
_____ Were LiarsWe
57.4%
_____ I FallBefore
44.8%
_____ BloodsBlue
40.5%
Book Title First Word % Correct
_____ CreaturesBeautiful
39.1%
_____ All the Way DownTurtles
37.7%
_____ ListenJust
37.1%
_____ AcademyVampire
36.6%
_____ of BonesCity
36%
_____ & ParkEleanor
23.5%
_____ QueenRed
23.4%
_____ of GlassThrone
18.2%
_____ the Never SkyUnder
17.6%
_____ and the French KissAnna
15.9%
_____ on the OffbeatLeah
11.3%
_____ of Smoke & BoneDaughter
10.7%
_____ and BoneShadow
9.7%
_____ to the SeaSalt
8.4%
_____ LovelyWicked
5.9%

You're not logged in!

Compare scores with friends on all Sporcle quizzes.
OR
Log In

Sporcle TV

Today on Sporcle TV


Watch our educational content, quiz creation guides, and fun videos on Sporcle TV.

Show Comments

Extras

Top Quizzes Today


Score Distribution

Paid Content

Your Account Isn't Verified!

In order to create a playlist on Sporcle, you need to verify the email address you used during registration. Go to your Sporcle Settings to finish the process.

Report this User

Report this user for behavior that violates our Community Guidelines.

Details: